The manager's guide to business forecasting: how to understand and use forecasts for better business results (Record no. 50103)

MARC details
000 -LEADER
fixed length control field 00766nam a2200205 a 4500
008 - FIXED-LENGTH DATA ELEMENTS--GENERAL INFORMATION
fixed length control field 120416s1985 ||||||||||||||||| || u
020 ## - INTERNATIONAL STANDARD BOOK NUMBER
International Standard Book Number 0631140344
020 ## - INTERNATIONAL STANDARD BOOK NUMBER
International Standard Book Number 0631156275
050 ## - LIBRARY OF CONGRESS CALL NUMBER
Classification number HB 3730 Bar
100 ## - MAIN ENTRY--PERSONAL NAME
Personal name Targett, David
245 10 - TITLE STATEMENT
Title The manager's guide to business forecasting: how to understand and use forecasts for better business results
260 ## - PUBLICATION, DISTRIBUTION, ETC.
Place of publication, distribution, etc. Oxford:
Name of publisher, distributor, etc. Basil Blackwell
Date of publication, distribution, etc. 1985
300 ## - PHYSICAL DESCRIPTION
Extent viii, 200p. : ill.
350 ## - PRICE (NR) (BK AM CF MU VM SE) [OBSOLETE]
Price 0.00
500 ## - GENERAL NOTE
General note Includes index. -Bibliography: p. [192]-196.
650 #0 - SUBJECT ADDED ENTRY--TOPICAL TERM
Topical term or geographic name entry element BUSINESS
650 #0 - SUBJECT ADDED ENTRY--TOPICAL TERM
Topical term or geographic name entry element BUSINESS FORECASTING
700 ## - ADDED ENTRY--PERSONAL NAME
Personal name Barron, Michael
995 ## - RECOMMENDATION 995 [LOCAL, UNIMARC FRANCE]
-- 0.00
-- CBU-MAIN LIBRARY (Kitwe)
-- 1
-- 12.95
-- 1
-- AVAILABLE
-- Annex Low-Usage Collection
Holdings
Withdrawn status Lost status Source of classification or shelving scheme Damaged status Not for loan Home library Current library Shelving location Date acquired Total Checkouts Full call number Barcode Date last seen Price effective from Koha item type
          CBU-MAIN LIBRARY, KITWE. CBU-MAIN LIBRARY, KITWE.   11/30/2022   HB 3730 Bar 002615 11/30/2022 11/30/2022 MONOGRAPH